Curries from the south / (Record no. 157890)

MARC details
000 -LEADER
fixed length control field 00543nam a22001817a 4500
005 - DATE AND TIME OF LATEST TRANSACTION
control field 20181008110958.0
010 ## - LCCN (DPL NO)
LC control number ENG-124203
020 ## - INTERNATIONAL STANDARD BOOK NUMBER
Terms of availability 150.00
International Standard Book Number 9789350578247
035 ## - SYSTEM CONTROL NUMBER
System control number EN-107735
037 ## - SOURCE OF ACQUISITION
Source of stock number/acquisition DBAD/PUB
082 ## - DEWEY DECIMAL CLASSIFICATION NUMBER
Classification number 641.59543
100 ## - MAIN ENTRY--PERSONAL NAME
Personal name Reejhsinghani, Aruna
245 ## - TITLE STATEMENT
Title Curries from the south /
Remainder of title by Aruna Reejhsinghani
260 ## - PUBLICATION, DISTRIBUTION, ETC. (IMPRINT)
Place of publication, distribution, etc New Delhi
Name of publisher, distributor, etc V&S Publishers
Date of publication, distribution, etc 2017
270 ## - ADDRESS
Address F-2/16, Ansari Road, Daryaganj
City New Delhi
Postal code 110002
300 ## - PHYSICAL DESCRIPTION
Extent 54p.
Dimensions 21cm(pbk)
Other physical details ill.
942 ## - ADDED ENTRY ELEMENTS (KOHA)
Source of classification or shelving scheme Dewey Decimal Classification
Item type English Books
Call number suffix REE
Classification part 641.59543
Holdings
Withdrawn status Lost status Not for loan Collection code Home library Current library Date acquired Source of acquisition Cost, normal purchase price Full call number Barcode Copy number Cost, replacement price Koha item type
    Not For Loan Non-fiction D.B.Act.Division Patel Nagar 08/10/2018 DBAD/PUB 150.00 641.59543 REE EN-107735 1 150.00 English Books

© Delhi Public Library
Hit Counter
free hit counter